000 01061nam a2200241Ia 4500
003 GCL
008 140319s9999 xx 000 0 ara d
040 _aGCL /
_cGCL
082 0 4 _aق
_b932
_bم ح
100 1 _aمحمد بيومى مهران
245 1 0 _aالحضارة المصرية القديمة ج2 :
_bج2 الحياة الاجتماعية والسياسية والعسكرية والقضائية والدينية /
_cمحمد بيومى مهران
250 _aالرابعة
260 _aالقاهرة :
_bدار المعرفة الجامعية ،
_c1989
300 _a603ص ؛
_c24سم
490 _aمصر و الشرق الادنى القديم
_v5
650 0 4 _aمصر
650 0 4 _aالحضارة المصرية القديمة
650 0 4 _aمصر القديمة - الاحوال الاجتماعية
650 0 4 _aمصر القديمة - الاحوال السياسية
650 0 4 _aمصر القديمة - الاحوال الاقتصادية
650 0 4 _aمصر القديمة - الدولة القديمة
942 _2ddc
_cBK
999 _c41226
_d41226